1814 1110 1015 1492 1992 1648 1494 1699 1952 1098 1756 1162 1766 1330 1022 1364 1301 1831 1602 1349 1813 1053 1363 1565 1954 1635 1649 1658 1174 1180 1140 1032 1019 1758 1186 1213 1104 1305 1018 1782 1533 1682 1214 1597 1327 1584 1322 1909 1480 1962 1774 1665 1441 1345 1841 1432 1544 1556 1453 1146 1931 1247 1347 1593 1823 1493 1730 1475 1128 1631 1949 1342 1177 1250 1050 1411 1127 1233 1815 1302 1381 1235 1955 1283 1532 1051 1978 1973 1291 1786 1620 1322 1856 1222 1381 1308 1321 1875 1255 BCNSPRNW ULIB Ver.6.0+V

เปลี่ยนเป็นภาษาไทย

Change to English
 แสดงรายละเอียดบรรณานุกรม
  กลับหน้าหลัก

Brief Record : Get Marc (ISO 2709) : E-mail record : QR code < ปิดหน้าต่าง
LEADER : 00000nam 2200000uu 4500
001    13399114620
003     ULIB
008    120424s2552||||th 000 0 tha d
020    ^a9789743931093
050  4 ^aBQ4487^bส197ต 2552
100 0  ^aดร.สนอง วรอุไร
245 10 ^aตายแล้วฟื้นตื่นมาเล่า /^cดร.สนอง วรอุไร
250    ^aพิมพ์ครั้งที่ 6
260    ^aกรุงเทพฯ :^bอมรินทร์ธรรมะ,^c2552
300    ^a149 หน้า ;^c21 ซม.
650  4 ^aความตาย^xแง่ศาสนา
650  4 ^aนรก
650  4 ^aวิญญาณ
945    ^p120^l0^i16670
995    ^aกัณชพร
999 ^a ใช้งานได้ทุกระบบ
รายการนี้ยังไม่มีแท็ก
คุณยังไม่ได้ล็อกอิน คุณสามารถมีกิจกรรมร่วมกับเว็บไซต์ได้ แต่ต้องล็อกอินก่อน ::
  ล็อกอิน

รายการสื่อสารสนเทศ

ลำดับที่ ประเภท เลขเรียก/บาร์โค้ด สถานที่ สถานะ
- ไม่พบข้อมูล -

รายการใกล้เคียง
    หัวเรื่อง [วิญญาณ]

BibComment


ยังไม่เคยถูกคอมเมนท์

คอมเมนท์ทรัพยากรรายการนี้
  คอมเมนท์: ตายแล้วฟื้นตื่นม..


 Copyright 2026. Bcnsprnw @Library